000 00564nam a2200181Ia 4500
005 20260429112236.0
008 260429s9999||||xx |||||||||||||| ||und||
020 _a9788177142860
041 _aHindi
082 _a89.143
_bRAM
100 _aराम, एच. एन.
245 0 _aदुर्योधन अभी मरा नहीं /
_cएच. एन. राम
250 _a1st ed.
260 _aनई दिल्ली :
_bप्रकाशन संस्थान,
_c2011.
300 _a240 p.; Hb
650 _aGeneral essays
942 _cTB
999 _c53078
_d53078